[Event "38th Olympiad w"]
[Site "Dresden GER"]
[Date "2008.11.25"]
[Round "11"]
[White "Zhukova,N"]
[Black "Rajlich,I"]
[Result "1-0"]
[WhiteElo "2488"]
[BlackElo "2404"]
[EventDate "2008.11.13"]

1. d4 e6 2. c4 b6 3. a3 Bb7 4. Nc3 f5 5. d5 Be7 6. Nh3 Bf6 7. g3 Bxc3+ 8.
bxc3 Na6 9. Bg2 Nf6 10. a4 Nc5 11. a5 O-O 12. Be3 Nfe4 13. f3 Nd6 14. Bxc5
bxc5 15. a6 Bc8 16. Qb3 c6 17. dxe6 dxe6 18. O-O Qc7 19. Rfb1 e5 20. Qa3 f4
21. Qxc5 Nf5 22. Ng5 Qd6 23. Qxd6 Nxd6 24. Bh3 Bxh3 25. Nxh3 fxg3 26. hxg3
Nxc4 27. Nf2 Nd6 28. Ra5 Rab8 29. Rd1 Nb5 30. Rd7 Rf7 31. Rxf7 Kxf7 32. Nd3
Nxc3 33. Nxe5+ Ke6 34. Nxc6 Nxe2+ 35. Kf2 Rb2 36. Nxa7 Nc3+ 37. Kf1 Nd5 38.
Nc6 Kd6 39. a7 Nc7 40. Nd4 Na8 41. Nf5+ Kc6 42. Nxg7 Rb7 43. Ne6 Re7 44.
Nd4+ Kb7 45. Rb5+ Kxa7 46. Nc6+ Ka6 47. Rb8 Rc7 48. Rxa8+ Kb7 49. Ra7+ Kxc6
50. Rxc7+ Kxc7 51. Kg2 Kd6 52. Kh3 Ke5 53. Kg4 Kf6 54. Kh5 Kg7 55. Kg5 Kg8
56. Kh6 Kh8 57. f4 Kg8 58. f5 Kh8 59. f6 Kg8 60. g4 Kh8 61. g5 Kg8 62. f7+
1-0

[Event "38th Olympiad w"]
[Site "Dresden GER"]
[Date "2008.11.25"]
[Round "11"]
[White "Zawadzka,J"]
[Black "Ushenina,A"]
[Result "0-1"]
[WhiteElo "2378"]
[BlackElo "2496"]
[EventDate "2008.11.13"]

1. e4 c5 2. Nf3 d6 3. d4 Nf6 4. Nc3 cxd4 5. Nxd4 Nc6 6. Be2 g6 7. Be3 Bg7
8. O-O O-O 9. Nb3 a6 10. f3 b5 11. Qd2 Ne5 12. Bh6 Nc4 13. Bxc4 Bxh6 14.
Qxh6 Qb6+ 15. Kh1 bxc4 16. Nd2 Qxb2 17. Qe3 Be6 18. f4 d5 19. f5 d4 20.
Qxd4 Rad8 21. Qe5 Rxd2 22. Rab1 Ng4 23. Qg3 Nf2+ 24. Kg1 Qxc2 25. fxe6 fxe6
26. Rb8 Rxb8 27. Qxb8+ Kf7 28. Qh8 h5 29. h3 h4 30. a3 Qb2 31. Qh7+ Ke8 32.
Qxg6+ Kd7 33. Qg7 Nxe4 34. Rf7 Qb6+ 35. Kh1 Qd6 36. Rf1 Ng3+ 37. Kg1 Qb6+
0-1

[Event "38th Olympiad w"]
[Site "Dresden GER"]
[Date "2008.11.25"]
[Round "11"]
[White "Gaponenko,I"]
[Black "Majdan,J"]
[Result "0-1"]
[WhiteElo "2473"]
[BlackElo "2284"]
[EventDate "2008.11.13"]

1. e4 c5 2. c3 Nf6 3. e5 Nd5 4. Nf3 d6 5. d4 cxd4 6. Qxd4 e6 7. Bb5+ Bd7 8.
Bxd7+ Qxd7 9. Nbd2 Nc6 10. Qe4 O-O-O 11. O-O dxe5 12. Nxe5 Nxe5 13. Qxe5
Bd6 14. Qd4 Kb8 15. Ne4 Bc7 16. c4 Nb4 17. Qxd7 Rxd7 18. Bd2 Nd3 19. Bc3 f6
20. Rad1 Rhd8 21. Rd2 Bf4 22. Re2 e5 23. g3 Bh6 24. b3 b6 25. f3 Kb7 26.
Nf2 a5 27. Ng4 Bc1 28. Kg2 Kc6 29. Rc2 h5 30. Nf2 Be3 31. Ne4 Nc5 32. Nxc5
Bxc5 33. Re1 Rd3 34. Rcc1 Ba3 35. Rc2 Rxc3 36. Rxc3 Bb4 37. Rce3 Bxe1 38.
Rxe1 Rd2+ 39. Kh3 g5 40. a3 Rf2 41. Re3 Kc5 42. g4 h4 43. Rd3 Rb2 44. Rd5+
Kc6 45. Rd3 Rc2 46. Rd8 Rc3 47. Kg2 Rxb3 48. Rf8 Kc5 49. Rxf6 Kxc4 50. Rf5
Kd4 51. Rxg5 h3+ 52. Kxh3 e4 53. a4 e3 54. Kg2 Rb1 55. Rg8 e2 56. Rd8+ Kc5
57. Re8 e1=Q 58. Rxe1 Rxe1 59. g5 Kd5 60. h4 Ke5 0-1

[Event "38th Olympiad w"]
[Site "Dresden GER"]
[Date "2008.11.25"]
[Round "11"]
[White "Agrest,S"]
[Black "Kachiani,K"]
[Result "1/2-1/2"]
[WhiteElo "2258"]
[BlackElo "2371"]
[EventDate "2008.11.13"]

1. e4 c6 2. d4 d5 3. exd5 cxd5 4. Bd3 Nc6 5. c3 Qc7 6. h3 Nf6 7. Nf3 g6 8.
O-O Bg7 9. Re1 O-O 10. Bg5 Be6 11. Qd2 Rad8 12. Na3 a6 13. Bh6 Qc8 14. Bxg7
Kxg7 15. Nc2 Bf5 16. Ne5 Bxd3 17. Qxd3 Nxe5 18. dxe5 Ne4 19. Nd4 b5 20. Qe3
e6 21. a4 bxa4 22. Rxa4 Rd7 23. f3 Nc5 24. Ra5 Rc7 25. Rea1 Kg8 26. R1a3
Qb8 27. b4 Nd7 28. Rxa6 Nb6 29. Ra1 Rfc8 30. Ne2 Nc4 31. Qg5 Rb7 32. f4 Nd2
33. Ng3 Ne4 1/2-1/2

[Event "38th Olympiad w"]
[Site "Dresden GER"]
[Date "2008.11.25"]
[Round "11"]
[White "Michna,Mart"]
[Black "Tetenkina,I"]
[Result "1-0"]
[WhiteElo "2399"]
[BlackElo "2243"]
[EventDate "2008.11.13"]

1. f4 c5 2. b3 Nc6 3. Bb2 Nf6 4. Nf3 g6 5. e3 Bg7 6. Bb5 Qb6 7. Nc3 O-O 8.
a4 a6 9. Bxc6 Qxc6 10. a5 d6 11. O-O Be6 12. Qe2 Nd5 13. Nxd5 Bxd5 14. Bxg7
Kxg7 15. f5 Be4 16. Nh4 Bxc2 17. d3 Bxb3 18. Qb2+ f6 19. Qxb3 g5 20. Nf3
Rab8 21. Rab1 h5 22. Qe6 Rf7 23. Qe4 d5 24. Qe6 Qa4 25. Qxd5 Qxa5 26. Nxg5
1-0

[Event "38th Olympiad w"]
[Site "Dresden GER"]
[Date "2008.11.25"]
[Round "11"]
[White "Milliet,S"]
[Black "Rohonyan,K"]
[Result "0-1"]
[WhiteElo "2366"]
[BlackElo "2334"]
[EventDate "2008.11.13"]

1. e4 g6 2. d4 Bg7 3. Nc3 d6 4. Be3 a6 5. Qd2 b5 6. O-O-O Bb7 7. f3 Nd7 8.
h4 h5 9. Nh3 Rc8 10. Ng5 c5 11. dxc5 Nxc5 12. Bd4 Nf6 13. Nd5 Bxd5 14. exd5
Qc7 15. g3 Nfe4 16. Nxe4 Nxe4 17. Qd3 Bxd4 18. Qxe4 Bf6 19. Bh3 Rb8 20.
Rhe1 Kf8 21. f4 a5 22. f5 g5 23. hxg5 Bxg5+ 24. Kb1 Bf6 25. Rh1 Rg8 26. Qe3
a4 27. Qh6+ Ke8 28. Rhe1 Kd7 29. Qxh5 Rg7 30. Qh6 Rxg3 31. Qh5 Rh8 32. Qxf7
Rgxh3 33. Qe6+ Kd8 34. Rg1 Qd7 35. Qe4 R3h4 36. Qe3 Rc4 37. Qb6+ Kc8 38.
Qa5 Kb7 39. b3 axb3 0-1

[Event "38th Olympiad w"]
[Site "Dresden GER"]
[Date "2008.11.25"]
[Round "11"]
[White "Peng Zhaoqin"]
[Black "Kosintseva,T"]
[Result "1/2-1/2"]
[WhiteElo "2455"]
[BlackElo "2513"]
[EventDate "2008.11.13"]

1. d4 Nf6 2. Nf3 e6 3. c4 b6 4. g3 Ba6 5. b3 Bb4+ 6. Bd2 Be7 7. Bg2 c6 8.
O-O d5 9. Qc2 Nbd7 10. Rd1 O-O 11. Bf4 Rc8 12. Nc3 h6 13. e4 dxc4 14. Nd2
c5 15. d5 e5 16. Be3 Ng4 17. Nxc4 b5 18. Bh3 h5 19. d6 Bf6 20. f3 Nxe3 21.
Nxe3 Rc6 22. Ncd5 Nb6 23. Nb4 cxb4 24. Qxc6 Bg5 25. Rd3 h4 26. Rad1 hxg3
27. hxg3 Bxe3+ 28. Rxe3 Qg5 29. Kf2 Qh6 30. Rh1 Bc8 31. Bg2 Qg6 32. Qc5 Qf6
33. Qxb4 Bd7 34. Rc1 a5 35. Qd2 a4 36. Rc7 axb3 37. axb3 Ra8 38. Rb7 Ra6
39. Rc3 Be6 40. Rc6 Nc4 41. bxc4 Rxc6 42. Rb8+ Rc8 43. Rxc8+ Bxc8 44. d7
Qb6+ 45. Ke2 Bxd7 46. Qxd7 bxc4 47. Qc8+ Kh7 48. Qxc4 Qb2+ 49. Kf1 Qb1+ 50.
Kf2 Qb6+ 51. Ke1 Qb1+ 52. Kd2 Qb2+ 53. Qc2 Qd4+ 54. Ke2 Qg1 55. Bf1 Qxg3
56. Qc8 Qh2+ 57. Kd1 Qf2 58. Qh3+ Kg8 59. Qc8+ Kh7 60. Qh3+ Kg8 61. Qg2 Qe3
62. Qe2 Qb3+ 63. Ke1 g6 64. Kf2 Kg7 65. Qb5 Qc3 66. Qd5 Qc7 67. Bc4 Qb6+
68. Kg2 Qf6 69. Kf2 Qb6+ 70. Ke2 Qf6 71. Bb3 Qf4 72. Qd7 Qf6 73. Bc4 Qf4
74. Qe7 Kg8 75. Qd6 Kg7 76. Qe7 Kg8 77. Qa7 Kg7 78. Qe3 Qh2+ 79. Kd3 Qh1
80. Kc2 f6 81. Qa7+ Kh6 82. Qe3+ Kg7 83. Kb2 Qd1 84. Bb3 Qd6 85. Kc3 Qa3
86. Kc2 Qd6 87. Qd3 Qc5+ 88. Bc4 Kh6 89. Kd1 Qg1+ 90. Kd2 Qf2+ 91. Kc3 Qc5
92. Kd2 Qf2+ 93. Kd1 Qg1+ 94. Ke2 Qg2+ 95. Ke1 Qg3+ 96. Kd1 1/2-1/2

[Event "38th Olympiad w"]
[Site "Dresden GER"]
[Date "2008.11.25"]
[Round "11"]
[White "Kosintseva,N"]
[Black "Bensdorp,M"]
[Result "1-0"]
[WhiteElo "2468"]
[BlackElo "2303"]
[EventDate "2008.11.13"]

1. e4 e5 2. Nf3 Nc6 3. Bb5 a6 4. Ba4 Nf6 5. O-O b5 6. Bb3 Bc5 7. c3 d6 8.
d3 h6 9. Be3 O-O 10. Nbd2 Bb7 11. h3 Bb6 12. Nh2 Ne7 13. Ng4 Ng6 14. a4 Kh7
15. axb5 axb5 16. Rxa8 Bxa8 17. Qf3 Nxg4 18. hxg4 Kg8 19. g3 Bb7 20. Ra1
Bxe3 21. Qxe3 c5 22. Nf1 Ne7 23. g5 hxg5 24. Qxg5 c4 25. dxc4 bxc4 26. Bxc4
Bxe4 27. Ne3 Qc7 28. Qh4 Qb7 29. Re1 d5 30. Nd1 Bf3 31. Be2 Ng6 32. Qg5 d4
33. Qd2 Bh1 34. Bf1 Rd8 35. Ne3 Bf3 36. Nc4 Qd5 37. Qg5 dxc3 38. bxc3 e4
39. Qxd5 Rxd5 40. Rc1 Rh5 41. Bg2 Bxg2 42. Kxg2 Rc5 43. Nd6 f5 44. Rb1 Rxc3
45. Nxf5 Ne5 46. Rb7 Rc2 47. Rxg7+ Kf8 48. Ra7 Nd3 49. Ra8+ Kf7 50. Nd6+
Ke6 51. Nxe4 Kf5 52. Re8 Kg4 53. Nf6+ Kf5 54. Ne4 Kg4 55. Rd8 Ne1+ 56. Kf1
Nf3 57. Nf6+ Kf5 58. Rf8 Nd2+ 59. Kg2 Ra2 60. Nd5+ Kg6 61. Rf4 Rc2 62. Ne3
Ra2 63. Rb4 Kf6 64. Nf1 Nxf1 65. Kxf1 Kg5 66. Kg2 Rc2 67. Rf4 Ra2 68. Rf8
Kg4 69. Rf4+ Kg5 70. Kh3 Ra1 71. Rf8 Rh1+ 72. Kg2 Ra1 73. f4+ Kg4 74. Rg8+
Kf5 75. Rg5+ Kf6 76. Kf3 Rf1+ 77. Kg4 Ra1 78. Rb5 Ra3 79. Rb6+ Kg7 80. f5
Rc3 81. Kf4 Ra3 82. g4 Ra7 83. Kg5 Rc7 84. Kh5 Rc1 85. Rb7+ Kf6 86. Rb6+
Kg7 87. Rg6+ Kf7 88. Kg5 Rc7 89. Rh6 Rc4 90. Rh7+ Kg8 91. Ra7 Rb4 92. Kh5
Kf8 93. g5 Rb6 94. f6 Rb1 95. Kg6 Rb8 96. Rh7 1-0

[Event "38th Olympiad w"]
[Site "Dresden GER"]
[Date "2008.11.25"]
[Round "11"]
[White "Pogonina,N"]
[Black "Schut,L"]
[Result "1-0"]
[WhiteElo "2469"]
[BlackElo "2153"]
[EventDate "2008.11.13"]

1. e4 c5 2. Nf3 d6 3. Bc4 Nf6 4. d3 Nc6 5. c3 e6 6. Bb3 Be7 7. O-O O-O 8.
Re1 b5 9. d4 d5 10. e5 Nd7 11. Nbd2 Qc7 12. Nf1 b4 13. cxb4 cxd4 14. b5
Ncxe5 15. Nxd4 Qb6 16. Be3 Bc5 17. a4 Ng6 18. a5 Qd6 19. Rc1 Rb8 20. Ba4
Bb7 21. Ng3 Rbc8 22. Rf1 Nde5 23. b3 Bb4 24. Rxc8 Rxc8 25. Bd2 Ba8 26. Nge2
Ng4 27. Ng3 N4e5 28. h3 Qc5 29. Nge2 Qd6 30. Kh1 Nd7 31. f4 Bc5 32. Qb1 Ne7
33. Rc1 g6 34. Qd3 Bb4 35. Rxc8+ Nxc8 36. Nc6 Bxd2 37. Qxd2 Nc5 38. Ned4 a6
39. Ne5 f6 40. Ng4 e5 41. fxe5 fxe5 42. Nf3 axb5 43. Bxb5 Na7 44. Qb4 Nxb5
45. Qxb5 Bc6 46. Qb6 e4 47. Nd4 Qf8 48. Kg1 Bb7 49. b4 Ba6 50. Qf6 Qxf6 1-0

[Event "38th Olympiad w"]
[Site "Dresden GER"]
[Date "2008.11.25"]
[Round "11"]
[White "Cosma,E"]
[Black "Hou Yifan"]
[Result "1/2-1/2"]
[WhiteElo "2340"]
[BlackElo "2578"]
[EventDate "2008.11.13"]

1. d4 Nf6 2. Nf3 e6 3. g3 c5 4. Bg2 cxd4 5. O-O Nc6 6. Nxd4 Bc5 7. Nxc6
bxc6 8. c4 O-O 9. Qc2 Be7 10. e4 e5 11. Nc3 d6 12. b3 Be6 13. Rd1 Nd7 14.
Be3 Qc7 15. Rac1 Rab8 16. Qd2 Qb7 17. h3 f6 18. Kh2 Kh8 19. Qe2 Bf7 20. Bf3
Nc5 21. Bxc5 dxc5 22. Qc2 g6 23. Bg4 Rbd8 24. h4 h5 25. Bh3 Qc7 26. Ne2 Kg7
27. Ng1 a5 28. Rxd8 Rxd8 29. Rd1 Be8 30. Nf3 Bf8 31. Rxd8 Qxd8 32. Qd2 Qc7
33. Ne1 Kh7 34. Nc2 Bh6 35. Qd1 Kg7 36. Kg2 Kf7 37. Kf1 Ke7 38. Ke2 Bf7 39.
Qd3 Qa7 40. Ne3 Qc7 41. Nd1 Bf8 42. Nc3 Ke8 43. Na4 Be7 44. Qd2 Qa7 45. Kf1
Qc7 46. Kg1 Qa7 47. Kg2 Qc7 48. Kf1 Qa7 49. Ke2 Qc7 50. Kf1 Qa7 51. Ke1 Qc7
52. Kd1 Qa7 53. Kc2 Qc7 54. Kd1 Qa7 55. Ke2 Qc7 56. Kf1 Qa7 1/2-1/2

[Event "38th Olympiad w"]
[Site "Dresden GER"]
[Date "2008.11.25"]
[Round "11"]
[White "Zhao Xue"]
[Black "Voicu,C"]
[Result "1-0"]
[WhiteElo "2518"]
[BlackElo "2239"]
[EventDate "2008.11.13"]

1. d4 Nf6 2. c4 c5 3. d5 e6 4. Nc3 exd5 5. cxd5 d6 6. Nf3 g6 7. Nd2 Nbd7 8.
e4 Bg7 9. Nc4 Nb6 10. Ne3 O-O 11. Bd3 Re8 12. O-O Bd7 13. Bd2 Rb8 14. f3
Nc8 15. a4 Nh5 16. f4 Bd4 17. Qf3 Qe7 18. Kh1 a6 19. a5 Na7 20. Rae1 Ng7
21. Nc2 b6 22. e5 Bf5 23. Nxd4 cxd4 24. Ne4 Bxe4 25. Qxe4 Nf5 26. g4 Ne3
27. Qxd4 Nxf1 28. Bc3 Nxh2 29. e6 f6 30. Kxh2 h6 31. g5 hxg5 32. fxg5 Qh7+
33. Kg3 Rec8 34. gxf6 Rxc3 35. bxc3 Qh5 36. f7+ Kh7 37. Re4 Qg5+ 38. Rg4
Qe5+ 39. Qxe5 dxe5 40. Rxg6 1-0

[Event "38th Olympiad w"]
[Site "Dresden GER"]
[Date "2008.11.25"]
[Round "11"]
[White "Ju Wenjun"]
[Black "Motoc,A"]
[Result "1/2-1/2"]
[WhiteElo "2397"]
[BlackElo "2313"]
[EventDate "2008.11.13"]

1. d4 Nf6 2. c4 g6 3. Nf3 Bg7 4. g3 O-O 5. Bg2 d6 6. O-O c6 7. Nc3 a6 8. e4
Nfd7 9. Be3 c5 10. dxc5 dxc5 11. e5 Nc6 12. Ne4 Ndxe5 13. Nxe5 Nxe5 14.
Qxd8 Rxd8 15. Bxc5 Re8 16. Nd2 Nd3 17. Ba3 Rb8 18. Rab1 Bg4 19. Bf3 Bxf3
20. Nxf3 e5 21. Ne1 Rbd8 22. Nxd3 Rxd3 23. Rfd1 Red8 24. Rxd3 Rxd3 25. Bb4
e4 26. Kf1 f5 27. b3 Kf7 28. Ke2 Bd4 29. h4 Ke6 30. Be1 Ke5 31. Rc1 h6 32.
b4 Ra3 33. Rc2 g5 34. hxg5 hxg5 35. b5 f4 36. gxf4+ gxf4 37. Bb4 Rf3 38.
Be1 axb5 39. cxb5 Rd3 40. Rc1 Ra3 41. Rc2 b6 42. Kf1 f3 43. Bb4 Ra8 44. Be1
Rh8 45. Kg1 e3 46. fxe3 Bxe3+ 47. Bf2 Rg8+ 48. Kf1 Rg2 49. Rb2 Kd5 50. Rc2
Ke4 51. Rb2 Ke5 52. Rc2 Kd5 53. a3 Ke4 54. Rb2 Bc5 55. Rc2 Kd3 56. Rxc5
bxc5 57. b6 Kc4 58. b7 Rg8 59. Bg3 Kb3 1/2-1/2

[Event "38th Olympiad w"]
[Site "Dresden GER"]
[Date "2008.11.25"]
[Round "11"]
[White "Sedina,E"]
[Black "Dembo,Y"]
[Result "1/2-1/2"]
[WhiteElo "2365"]
[BlackElo "2446"]
[EventDate "2008.11.13"]

1. e4 c5 2. Nf3 Nc6 3. Bb5 g6 4. O-O Bg7 5. c3 Nf6 6. Re1 O-O 7. h3 e5 8.
d4 cxd4 9. cxd4 exd4 10. e5 Nd5 11. Bg5 Qa5 12. Na3 h6 13. Bd2 Qd8 14. Qb3
Nc7 15. Rad1 Ne6 16. Nc4 a6 17. Bxc6 dxc6 18. Ba5 Qd5 19. Qd3 Nf4 20. Qxd4
Nxh3+ 21. Kf1 Qxd4 22. Rxd4 c5 23. Rd6 Nf4 24. Nb6 Rb8 25. Rc1 Bf5 26. Nd7
Bxd7 27. Rxd7 b6 28. Bd2 Ne6 29. b4 cxb4 30. Bxb4 Rfd8 31. Rxd8+ Rxd8 32.
Bd6 b5 33. Rc6 Ra8 34. Rb6 Nf4 35. g3 Nd5 36. Rc6 Bf8 37. Rc5 Nb6 38. Rc6
Nc8 39. Bxf8 Kxf8 40. e6 Ne7 41. Rd6 f5 42. Ne5 Kg7 43. Nd7 g5 44. Rb6 Kg6
45. Nc5 1/2-1/2

[Event "38th Olympiad w"]
[Site "Dresden GER"]
[Date "2008.11.25"]
[Round "11"]
[White "Botsari,A"]
[Black "Zimina,O"]
[Result "1/2-1/2"]
[WhiteElo "2308"]
[BlackElo "2368"]
[EventDate "2008.11.13"]

1. d4 d5 2. c4 e6 3. Nf3 c6 4. e3 Nf6 5. Bd3 Nbd7 6. O-O dxc4 7. Bxc4 Bd6
8. Nc3 O-O 9. e4 e5 10. h3 Qc7 11. Bb3 a6 12. Re1 exd4 13. Nxd4 Nc5 14. Bg5
Be5 15. Bxf6 Bxf6 16. Nf3 Rd8 17. Qc2 Nxb3 18. Qxb3 Be6 19. Qc2 h6 20. e5
Be7 21. Qe4 Qb6 22. Re2 Rd7 23. a3 Rad8 24. Rc1 Qb3 25. Qf4 Rd3 26. Rec2
Qb6 27. Na4 Qb5 28. Nc3 Qb6 29. Na4 Qb5 30. Nc3 Qa5 31. Ne2 Rd1+ 32. Rxd1
Rxd1+ 33. Kh2 Qd8 34. Ned4 Bd5 35. Nf5 Bg5 36. Nxg5 hxg5 37. Qb4 Be6 38.
Nd6 Rd5 39. Qxb7 Rxe5 40. Qxc6 Qf6 41. Qa8+ Kh7 42. Qf3 Qg6 43. Qc3 Rd5 44.
Rd2 g4 45. Rxd5 Bxd5 46. Qg3 Be6 47. hxg4 Bxg4 48. Qf4 Qh5+ 49. Kg1 Be6 50.
Qh2 Qxh2+ 51. Kxh2 Bd5 52. Kg3 f6 53. f3 g5 54. b4 Bc6 55. Kf2 Kg6 56. g3
f5 57. Ke3 Kf6 58. f4 gxf4+ 59. Kxf4 Bd7 60. Nb7 Bb5 61. Nc5 Be2 62. Na4
Bd3 63. Nc3 Ke6 64. Ke3 Bf1 65. Kd4 Kd6 66. a4 Bg2 67. b5 axb5 68. axb5 Bf1
69. b6 Bg2 70. Nd1 Kc6 71. Ne3 Bh3 72. Nd5 Bg2 73. Ne7+ Kxb6 74. Nxf5 Bf3
75. Ke3 Bd1 76. Nd4 Kc7 77. Kf4 Bh5 78. g4 1/2-1/2

[Event "38th Olympiad w"]
[Site "Dresden GER"]
[Date "2008.11.25"]
[Round "11"]
[White "Ambrosi,E"]
[Black "Makropoulou,M"]
[Result "1/2-1/2"]
[WhiteElo "2128"]
[BlackElo "2265"]
[EventDate "2008.11.13"]

1. e4 e5 2. Nf3 Nc6 3. Bb5 a6 4. Bxc6 dxc6 5. Nc3 Qd6 6. d4 f6 7. h3 Bd7 8.
dxe5 fxe5 9. Qxd6 cxd6 10. Be3 Nf6 11. O-O b5 12. a3 Be7 13. Rad1 a5 14.
Bg5 Be6 15. Bxf6 gxf6 16. Nh4 b4 17. Ne2 d5 18. axb4 axb4 19. f4 O-O 20.
fxe5 fxe5 21. Nf3 Bf6 22. Ng3 Ra2 23. Ra1 Rxb2 24. Rf2 Be7 25. Ra5 Bd8 26.
Ra6 dxe4 27. Nxe5 Rxf2 28. Kxf2 Rxc2+ 29. Ke3 Rc3+ 30. Kf4 Kf8 31. Ra8 Ke7
32. Ra7+ Ke8 33. Nxe4 Ra3 34. Rxh7 Kf8 35. Nxc6 Bb6 36. Rb7 Be3+ 37. Ke5
Ba2 38. Rxb4 Ra8 39. Rb8+ Rxb8 40. Nxb8 Bc1 41. Nd7+ Kg7 42. g4 Bb2+ 43.
Kf5 Bb1 44. h4 Bc1 45. Ndf6 Bd3 46. g5 Be2 47. Nd5 Ba6 48. Nc5 Bc8+ 49. Ke4
Bg4 50. Nf4 Ba3 51. Ncd3 Bd6 52. Ne5 Bd1 53. h5 Bc2+ 54. Kd5 Be7 55. Nf3
Bxg5 56. Nxg5 Bd1 57. Ke5 Bxh5 58. Nxh5+ Kg6 59. Ke4 1/2-1/2

[Event "38th Olympiad w"]
[Site "Dresden GER"]
[Date "2008.11.25"]
[Round "11"]
[White "Fakhiridou,E"]
[Black "De Rosa,M"]
[Result "0-1"]
[WhiteElo "2248"]
[BlackElo "2083"]
[EventDate "2008.11.13"]

1. e4 c5 2. Nf3 d6 3. d4 cxd4 4. Nxd4 Nf6 5. Nc3 a6 6. Be2 e6 7. O-O Be7 8.
f4 Qc7 9. Kh1 O-O 10. Qe1 Nc6 11. Be3 Nxd4 12. Bxd4 b5 13. e5 Nd7 14. Bd3
Bb7 15. exd6 Bxd6 16. Ne4 Be7 17. Qg3 g6 18. Rae1 Bxe4 19. Bxe4 Rae8 20. c3
Bc5 21. Bxc5 Nxc5 22. Bb1 Rd8 23. Qe3 Rd5 24. Rd1 Rfd8 25. Rxd5 Rxd5 26.
Bc2 Qd6 27. b4 Nd7 28. a4 Rd2 29. Bb3 Rb2 30. Bd1 Rb1 31. Qe2 Nb6 32. axb5
axb5 33. Bc2 Rxf1+ 34. Qxf1 Qd2 35. Bd3 Qxc3 36. Bxb5 Qxb4 37. Bd3 Nd5 38.
g3 Ne3 39. Qe2 Qd4 40. h3 Nd5 41. Kh2 Kg7 42. Be4 h5 43. h4 Ne3 44. Bf3 Nf5
45. Be4 Ne3 46. Bf3 Qc3 47. Kg1 Nf5 48. Kh2 Nd4 49. Qe5+ f6 0-1

[Event "38th Olympiad w"]
[Site "Dresden GER"]
[Date "2008.11.25"]
[Round "11"]
[White "Lujan,C"]
[Black "Sharevich,A"]
[Result "0-1"]
[WhiteElo "2366"]
[BlackElo "2322"]
[EventDate "2008.11.13"]

1. e4 c5 2. Nf3 e6 3. d4 cxd4 4. Nxd4 a6 5. Nc3 Qc7 6. Be2 b5 7. O-O Bb7 8.
Re1 Nc6 9. Nxc6 dxc6 10. e5 Rd8 11. Bd3 c5 12. Bg5 Ne7 13. Qh5 g6 14. Qh3
Bg7 15. Be4 b4 16. Bxe7 Kxe7 17. Qh4+ Ke8 18. Bxb7 bxc3 19. Bxa6 Rd4 20.
Bb5+ Kf8 21. Qg3 cxb2 22. Rab1 h5 23. Rxb2 h4 24. Qe3 Rh5 25. f4 Bh6 26.
Rf1 Bxf4 27. Qh3 Qxe5 28. c3 Re4 29. Qd3 Bxh2+ 30. Kh1 Rf5 31. Rxf5 exf5
32. Re2 Rxe2 33. Qxe2 Qxe2 34. Bxe2 Be5 35. c4 Ke7 36. Kg1 Kd6 37. Bf3 Bc3
38. Kf2 Ke5 39. Bc6 g5 40. Kf3 g4+ 41. Kf2 f4 42. Bd7 f5 43. Bc8 Bd4+ 44.
Kf1 f3 45. gxf3 gxf3 0-1

[Event "38th Olympiad w"]
[Site "Dresden GER"]
[Date "2008.11.25"]
[Round "11"]
[White "Popova,N"]
[Black "Amura,C"]
[Result "1-0"]
[WhiteElo "2264"]
[BlackElo "2344"]
[EventDate "2008.11.13"]

1. e4 c5 2. Nf3 Nc6 3. Nc3 e6 4. Be2 Nf6 5. O-O d5 6. exd5 Nxd5 7. d4 cxd4
8. Nb5 Be7 9. Nbxd4 O-O 10. Nxc6 bxc6 11. c4 Nb4 12. a3 Na6 13. Ne5 Bb7 14.
Bf3 Qc7 15. Qd7 Qxd7 16. Nxd7 Rfd8 17. Rd1 Nc5 18. Nxc5 Rxd1+ 19. Bxd1 Bxc5
20. Bf3 Ba6 21. Bf4 Bd4 22. Rd1 Bxb2 23. Bxc6 Rc8 24. Bd7 Rd8 25. Bc7 Ra8
26. c5 h5 27. c6 Bf6 28. Rb1 Bd3 29. Bb8 Bd8 30. Rb3 Bc2 31. Rb7 Ba4 32.
Bxa7 Be7 33. c7 1-0

[Event "38th Olympiad w"]
[Site "Dresden GER"]
[Date "2008.11.25"]
[Round "11"]
[White "Zuriel,M"]
[Black "Azarova,N"]
[Result "1/2-1/2"]
[WhiteElo "2189"]
[BlackElo "2308"]
[EventDate "2008.11.13"]

1. e4 c5 2. Nf3 d6 3. d4 cxd4 4. Nxd4 Nf6 5. Nc3 g6 6. Be3 Bg7 7. f3 O-O 8.
Qd2 Nc6 9. Bc4 Bd7 10. O-O-O Rc8 11. Bb3 Ne5 12. h4 h5 13. Bg5 Rc5 14. g4
hxg4 15. h5 Nxh5 16. Nd5 Re8 17. f4 Nc4 18. Qf2 f6 19. Bh4 Qc8 20. f5 Rxd5
21. exd5 Bh6+ 22. Kb1 Ne3 23. fxg6 Nxd1 24. Rxd1 Kg7 25. c3 Bf4 26. Qe2 Be5
27. Ne6+ Bxe6 28. dxe6 f5 29. Qd3 f4 30. Qf5 Nf6 31. Bxf6+ Bxf6 32. Qxf4
Rh8 33. Qxg4 Qc5 34. Qg2 b6 35. Rh1 Rh5 36. Bd1 Qf5+ 37. Bc2 Qxe6 38. a3
Qe5 39. Rxh5 Qxh5 40. Qb7 Qa5 41. Qd7 Qd5 42. Qxa7 Qh1+ 43. Ka2 Qd5+ 44.
Bb3 Qc5 45. Bf7 d5 46. Qa4 e5 47. Qd1 e4 48. Bxd5 Kxg6 49. Qg4+ Bg5 50.
Qxe4+ Kg7 51. Qe5+ Kg6 52. Be4+ Kf7 53. Qxc5 bxc5 54. Kb3 Ke6 55. a4 Kd6
56. Kc4 Be3 57. Bf3 Kc7 58. b4 cxb4 59. cxb4 Kb6 60. a5+ Ka6 61. Bg4 Bd2
62. Bc8+ Ka7 63. Kb5 Be1 64. Ka4 Bd2 65. b5 Be3 66. Be6 Bf2 67. Kb4 Be1+
68. Ka4 Bf2 69. Bc8 Be3 70. Kb3 Bd2 71. Ka4 Be3 72. Bf5 Bf2 73. Kb3 Be1 74.
Ka4 Bf2 75. Bd3 Kb7 1/2-1/2

[Event "38th Olympiad w"]
[Site "Dresden GER"]
[Date "2008.11.25"]
[Round "11"]
[White "Berlin,T"]
[Black "Plazaola,M"]
[Result "1/2-1/2"]
[WhiteElo "2218"]
[BlackElo "2126"]
[EventDate "2008.11.13"]

1. e4 c5 2. Nc3 Nc6 3. g3 e6 4. Bg2 Nge7 5. d3 d5 6. Bd2 dxe4 7. dxe4 Nd4
8. Nf3 Nec6 9. O-O Be7 10. Ne2 Qb6 11. Nexd4 cxd4 12. e5 O-O 13. Re1 f6 14.
exf6 Bxf6 15. Bg5 Bd7 16. Bxf6 Rxf6 17. c3 dxc3 18. bxc3 Raf8 19. Rb1 Qc7
20. Qd3 e5 21. Ng5 Bf5 22. Be4 Bxe4 23. Qxe4 g6 24. Qd5+ Kh8 25. Ne4 Rf3
26. Rb2 b6 27. Rbe2 h6 28. Qc4 R3f7 29. Qe6 Kh7 30. Rd1 Qc8 31. Qb3 Qg4 32.
Qc4 Kg7 33. h3 Qf3 34. Rdd2 Rc7 35. Nd6 Qf6 36. Ne4 Qf7 37. Qb5 a6 38. Qb1
Na5 39. Nd6 Qe7 40. Qxb6 Nb7 41. Rxe5 Qxe5 42. Qxc7+ Kg8 43. Qc4+ Kg7 44.
Qd4 Qxd4 45. Rxd4 Nc5 46. Ne4 Nxe4 47. Rxe4 Rc8 48. Re6 a5 49. Ra6 Rxc3 50.
Rxa5 Kf6 51. Ra6+ Kf5 52. h4 Rc2 53. Kg2 h5 54. a4 Ra2 55. a5 Ra3 56. Ra8
Kf6 57. Ra7 Ke6 58. Ra8 Kf6 59. a6 Kg7 60. Kf1 Ra2 61. a7 Ra6 62. Ke2 Ra3
63. Kd2 Ra1 64. Kc3 Ra4 65. Kb3 Ra5 66. f3 Ra6 67. g4 hxg4 68. fxg4 Ra5 69.
Kb4 Ra1 70. Kb5 Rb1+ 71. Kc6 Rc1+ 72. Kd6 Rd1+ 73. Ke6 Re1+ 74. Kd5 Rd1+
75. Ke5 Re1+ 76. Kf4 Ra1 77. h5 gxh5 78. gxh5 Kh7 1/2-1/2

[Event "38th Olympiad w"]
[Site "Dresden GER"]
[Date "2008.11.25"]
[Round "11"]
[White "Enxtuul,A"]
[Black "Voiska,M"]
[Result "1/2-1/2"]
[WhiteElo "1977"]
[BlackElo "2318"]
[EventDate "2008.11.13"]

1. b4 c6 2. c4 a5 3. b5 e5 4. Bb2 d6 5. e3 Nf6 6. a4 Be7 7. d3 O-O 8. Be2
Nbd7 9. Nf3 e4 10. dxe4 Nxe4 11. Nc3 Nxc3 12. Bxc3 Bf6 13. Rc1 Nc5 14. O-O
Bxc3 15. Rxc3 Qf6 16. Rc1 Rd8 17. Nd4 Bd7 18. Bf3 Rac8 19. Qd2 Nxa4 20.
Qxa5 Nc5 21. Rfd1 Be8 22. Qb6 Na4 23. Qxb7 cxb5 24. cxb5 Nc3 25. Qa6 Rc5
26. Rxc3 Rxc3 27. b6 d5 28. Qa5 Rc4 29. b7 Ra4 30. Qc7 Rb4 31. Bxd5 Rxd5
32. b8=Q Rxb8 33. Qxb8 Rd8 34. Qb4 h6 35. h3 Bc6 36. Qb1 Ba8 37. Qc2 Qg5
38. f4 Qd5 39. Rd2 Re8 40. Nf3 Qe6 41. Ne5 f6 42. Qg6 fxe5 43. Qxe6+ Rxe6
44. Rd8+ Kf7 45. Rxa8 exf4 46. exf4 Re4 47. g3 g5 48. Ra7+ Kg6 49. Ra6+ Kh7
50. f5 h5 51. Ra7+ Kh6 52. f6 g4 53. Re7 Ra4 54. hxg4 hxg4 55. Rg7 Ra6 56.
Rxg4 Rxf6 57. Kg2 Ra6 58. Kh3 Kh5 59. Rg8 Ra3 60. Rb8 Ra5 61. g4+ Kg5 62.
Rg8+ Kh6 63. Kh4 Ra6 64. Rg5 Rb6 65. Rc5 Kg6 66. Rg5+ Kh6 67. Ra5 Kg6 68.
Ra4 Kh6 69. Kg3 Kg5 70. Ra5+ Kg6 71. Re5 Ra6 72. Rb5 Rc6 73. Rb8 Rc3+ 74.
Kh4 Rc6 75. Rf8 Ra6 76. Rf5 Ra1 77. Rg5+ Kh6 78. Rf5 Kg6 79. Kg3 Ra3+ 80.
Kf4 Ra4+ 81. Kf3 Ra3+ 82. Kf4 Ra4+ 83. Kg3 Ra3+ 84. Kh4 Ra1 85. Rg5+ Kh6
86. Rg8 Ra6 87. Rh8+ Kg6 88. Rh5 Ra3 89. Rg5+ Kh6 90. Rb5 Ra6 91. Kg3 Kg6
92. Re5 Ra3+ 93. Kf4 Ra4+ 94. Kg3 Ra3+ 95. Kh4 Ra6 96. Re4 Rb6 97. Ra4 Rc6
98. Ra5 Rb6 99. Rc5 Ra6 100. Rc4 Rb6 101. Re4 Ra6 102. Rf4 Ra1 103. Rf3 Ra5
104. Rf8 Ra6 105. Rh8 Ra1 106. Rg8+ Kh6 107. g5+ Kh7 108. Rc8 Rh1+ 109. Kg4
Rg1+ 110. Kf4 Rf1+ 111. Kg4 Rg1+ 112. Kf5 Rf1+ 113. Ke6 Re1+ 114. Kf7 Rf1+
115. Ke6 Re1+ 116. Kf5 Rf1+ 117. Ke4 Re1+ 118. Kf3 Rf1+ 119. Kg3 Rg1+ 120.
Kf4 Rf1+ 121. Ke4 1/2-1/2